zpět

Detail výsledku týmu

Baarovka, České Budějovice

Datum a čas kvízu

15.5 Celkem bodů Celkový počet nahraných bodů na tomto kvízu bez doplňovacích otázek.
7. Pořadí na kvízu Konečné umístění týmu na tomto kvízu.

Zaznamenané odpovědi

# Otázka Odpověď Body Výsledky
1. V pátek obdržel jeden muž res... Petr Kellner 1
2. Minulý týden vyhlásil první st... Dánsko 0
3. Pamatujete si ještě na šílenst... Jiřina Bohdalová 0
4. V jednom českém městě začal v... Litoměřice 1
5. Jak se jmenuje žena, která v s... Eva Samková 0
6. V tomto tématu se vypravíme na... Tuaregové/Touaregové 0
7. V pouštních a polopouštních ob... tarbík 0
8. Pouští a pralesem je dobrodruž... Henryk Sienkiewicz 0
9. Rozsáhlá pouštní oblast rozklá... Čivavská poušť (Chihuahuan Desert) 0
10. Adénium ztloustlé je sukulent... pouštní růže 0